| 000 | 00593cam a2200217ua 4500 | ||
|---|---|---|---|
| 001 | 7768 | ||
| 005 | 20260515114244.0 | ||
| 008 | 141223n ii |||gr||||Z||||||asm | ||
| 020 | _a9788120288263 | ||
| 040 | _cMAIN | ||
| 041 | _aasm | ||
| 082 | _a891.441 | ||
| 100 |
_aRoy, N., _eAuthor. |
||
| 245 | 1 |
_aAsomiya aru bangla kabitat premor swaroop : _bEk tulanamulak adhyayan / _cBy Nilmohan roy . |
|
| 250 | _a1st. | ||
| 260 |
_aGuwahati: _bJagaran, _c2010. |
||
| 300 | _a230p. | ||
| 653 | _aEast Indo-European & Celtic literatures | ||
| 653 | _aAssamese and bengali poems | ||
| 942 | _cBK | ||
| 999 |
_c6884 _d6884 |
||